书目信息 |
| 题名: |
低轨电磁探测卫星协同任务规划模型与方法
|
|
| 作者: | 杜永浩 , 宋彦杰 , 邢立宁 , 陈英武 著 | |
| 分册: | ||
| 出版信息: | 北京 清华大学出版社 2024.10 |
|
| 页数: | 196页, [7] 页图版 | |
| 开本: | 24cm | |
| 丛书名: | ||
| 单 册: | ||
| 中图分类: | P412.27 | |
| 科图分类: | ||
| 主题词: | 低轨道--di gui dao--电磁测量--卫星探测 | |
| 电子资源: | ||
| ISBN: | 978-7-302-67405-4 | |
| 000 | 01622nam0 2200325 450 | |
| 001 | 92413 | |
| 005 | 20250818082941.07 | |
| 010 | @a978-7-302-67405-4@dCNY74.00 | |
| 100 | @a20241126d2024 em y0chiy50 ea | |
| 101 | 0 | @achi |
| 102 | @aCN@b110000 | |
| 105 | @aaf a 000yy | |
| 106 | @ar | |
| 200 | 1 | @a低轨电磁探测卫星协同任务规划模型与方法@Adi gui dian ci tan ce wei xing xie tong ren wu gui hua mo xing yu fang fa@d= Collaborative mission planning model and method for low-orbit electro- magnetic detection satellites@f杜永浩 ... [等] 著@zeng |
| 210 | @a北京@c清华大学出版社@d2024.10 | |
| 215 | @a196页, [7] 页图版@c图@d24cm | |
| 300 | @a航天资源规划与调度 | |
| 304 | @a题名页题其余责任者: 宋彦杰, 邢立宁, 陈英武 | |
| 314 | @a杜永浩, 国防科技大学副教授。宋彦杰, 国防大学教师。邢立宁, 西安电子科技大学教授。陈英武, 国防科技大学教授。 | |
| 320 | @a有书目 (第183-193页) | |
| 330 | @a本书创造性地提出了低轨电磁探测卫星协同任务规划模型与方法。本书从低轨电磁探测卫星协同任务规划的实际需求出发, 详细阐述了协同任务规划基础模型与学习型进化算法框架 ; 面向静止目标、低速移动目标、高速移动目标探测的协同任务规划, 进一步扩展了任务规划模型并设计了针对具体问题特点的学习型进化算法。 | |
| 510 | 1 | @aCollaborative mission planning model and method for low-orbit electro- magnetic detection satellites@zeng |
| 606 | 0 | @a低轨道@Adi gui dao@x电磁测量@x卫星探测 |
| 690 | @aP412.27@v5 | |
| 701 | 0 | @a杜永浩@Adu yong hao@4著 |
| 701 | 0 | @a宋彦杰@Asong yan jie@4著 |
| 701 | 0 | @a邢立宁@Axing li ning@4著 |
| 701 | 0 | @a陈英武@Achen ying wu@4著 |
| 801 | 0 | @aCN@c20250909 |
| 905 | @a河南城建学院图书馆@dP412.27@eD880@f1 | |
| 低轨电磁探测卫星协同任务规划模型与方法= Collaborative mission planning model and method for low-orbit electro- magnetic detection satellites/杜永浩 ... [等] 著.-北京:清华大学出版社,2024.10 |
| 196页, [7] 页图版:图;24cm |
| 航天资源规划与调度 |
| ISBN 978-7-302-67405-4:CNY74.00 |
| 本书创造性地提出了低轨电磁探测卫星协同任务规划模型与方法。本书从低轨电磁探测卫星协同任务规划的实际需求出发, 详细阐述了协同任务规划基础模型与学习型进化算法框架 ; 面向静止目标、低速移动目标、高速移动目标探测的协同任务规划, 进一步扩展了任务规划模型并设计了针对具体问题特点的学习型进化算法。 |
| ● |
| 相关链接 |
|
|
|
正题名:低轨电磁探测卫星协同任务规划模型与方法
索取号:P412.27/D880
 
预约/预借
| 序号 | 登录号 | 条形码 | 馆藏地/架位号 | 状态 | 备注 |
| 1 | 1626377 | 216263772 | 自科库401/401自科库 127排2列5层/ [索取号:P412.27/D880] | 在馆 |